Common Diseases - Statistics

General Stats
  • This quiz has been taken 3,880 times
  • The average score is 10 of 15
Answer Stats
Hint Answer % Correct
Many teenagers develop this; mostly on the face Acne
93%
A sexually transmitted disease originating in Africa AIDS
88%
Usually caused by a bite from a wild animal. Rabies
88%
Severe headaches Migraine
86%
Extreme mood swings; form of depression Bipolar
85%
Unable to fall asleep easily or at all Insomnia
84%
Seizures are often associated with this Epilepsy
83%
Most noticable effect is the yellow coloring of the skin Jaundice
80%
Hair Loss Alopecia
60%
Characterized by sudden sleep at random times Narcolepsy
60%
Organisms being born without a pigment causing them to appear white Albinism
56%
Red blisters on the lips Cold Sore
56%
Brittle Bones, Drink milk or you might get this warned our mothers Osteoporosis
52%
Older people are more prone to get this, but younger people get this too. Alzheimers
37%
What Michael Jackson claimed he had Vitiligo
28%
No matching quizzes found
Score Distribution
Percent of People with Each Score
Percentile by Number Answered
Your Score History
You have not taken this quiz